Southville International School and Colleges
Your cart is empty.
  • Cart
  • Lists
    Public lists Eva Luna New books Lux_list list_1
    Your lists Log in to create your own lists
  • Log in to your account
  • Your cookies
  • Search history
Southville International School and Colleges
  • Advanced search
  • Recent comments
  • Most popular
  • Libraries

Log in to your account

Log in with GOOGLE


If you do not have an external account, but do have a local account, you can still log in:

  1. Home
  2. MARC view: Mastering Business Communication /
Normal view MARC view ISBD view

Mastering Business Communication / (Record no. 14615)

[ view plain ]
MARC details
000 -LEADER
fixed length control field 00615nam a2200205 a 4500
003 - CONTROL NUMBER IDENTIFIER
control field PILC
005 - DATE AND TIME OF LATEST TRANSACTION
control field 20150112093437.0
008 - FIXED-LENGTH DATA ELEMENTS--GENERAL INFORMATION
fixed length control field 100713s19uu xx 00 eng d
020 ## - INTERNATIONAL STANDARD BOOK NUMBER
International Standard Book Number 0333693434
050 ## - LIBRARY OF CONGRESS CALL NUMBER
Classification number HF 5718
Item number .W193 1983
082 ## - DEWEY DECIMAL CLASSIFICATION NUMBER
Classification number MnSF 658.4521
Item number W88 1983
100 ## - MAIN ENTRY--PERSONAL NAME
Personal name Woolcott, Lysbeth A.
9 (RLIN) 16633
245 ## - TITLE STATEMENT
Title Mastering Business Communication /
260 ## - PUBLICATION, DISTRIBUTION, ETC. (IMPRINT)
Place of publication, distribution, etc London :
Name of publisher, distributor, etc Macmillan Press Ltd,
Date of publication, distribution, etc 1983.
300 ## - PHYSICAL DESCRIPTION
Extent 309 pages :
Other physical details illustration ;
Dimensions 22 cm.
650 ## - SUBJECT ADDED ENTRY--TOPICAL TERM
Topical term or geographic name as entry element Business correspondence
9 (RLIN) 16634
650 ## - SUBJECT ADDED ENTRY--TOPICAL TERM
Topical term or geographic name as entry element Business communication
9 (RLIN) 14664
700 ## - ADDED ENTRY--PERSONAL NAME
Personal name Unwin, Wendy R.
9 (RLIN) 16635
942 ## - ADDED ENTRY ELEMENTS (KOHA)
Source of classification or shelving scheme Library of Congress Classification
Koha item type Books
Holdings
Withdrawn status Lost status Source of classification or shelving scheme Damaged status Home library Current library Shelving location Date acquired Total Checkouts Full call number Barcode Date last seen Copy number Price effective from Koha item type
    Library of Congress Classification   Southville International School Affiliated with Foreign Universities Library Southville International School Affiliated with Foreign Universities Library Southville Foreign University Section 09/05/2013   HF 5718 .W193 1983 SFU0138 05/15/2018 1 09/05/2013 Books

Mastering Business Communication /

APA

Woolcott L. A., Unwin W. R., . (1983). Mastering Business Communication. London: Macmillan Press Ltd.

Chicago

Woolcott Lysbeth A, Unwin Wendy R, . 1983. Mastering Business Communication. London: Macmillan Press Ltd.

Harvard

Woolcott L. A., Unwin W. R., . (1983). Mastering Business Communication. London: Macmillan Press Ltd.

MLA

Woolcott Lysbeth A, Unwin Wendy R, . Mastering Business Communication. London: Macmillan Press Ltd. 1983.

  • Place hold
  • Print
  • Cite
  • Add to your cart (remove)
  • Save record
    BIBTEX Dublin Core MARCXML MARC (non-Unicode/MARC-8) MARC (Unicode/UTF-8) MARC (Unicode/UTF-8, Standard) MODS (XML) RIS
  • More searches
    Search for this title in:
    Other Libraries (WorldCat) Other Databases (Google Scholar) Online Stores (Bookfinder.com) Open Library (openlibrary.org)

Exporting to Dublin Core...

SOUTHVILLE LIBRARY

Southville International School and Colleges Library

1281 Tropical Ave. Cor. Luxembourg St., BF Homes International, Las Pinas City

Tel. No. 8256374 / 252358 Loc. 117/146

Powered by Koha